Strategies of Conflict Resolution media relations I

Bibliographic Details
Main Author: Solík, Martin (Author)
Format: Software eBook
Language:English
PhysicalDescription:1 elektronický optický disk (CD-ROM) fareb. 12 cm
Published: [Trnava] Fakulta masmediálnej komunikácie [2012]
ISBN:9788081053092
Subjects:

MARC

LEADER 00000nam a2200000 a 4500
001 vtls010509555
003 SK-MaSNL
005 20260301141916.0
007 co cg auuua
008 240318s2012 xo | fsp 000 0 eng
015 |a SNBS2014 
020 |a 9788081053092  |q (elektronická kniha) 
040 |a SNK  |b slo  |c SNK  |e AACR2 
041 0 |a eng 
044 |a xo  |c SK 
072 7 |a 316.4  |x Sociálne procesy  |2 konspekt 
080 |a 316.48  |2 2001 
080 |a 316.485.6  |2 2001 
080 |a (075.8)  |2 2001 
080 |a (0.034.44)  |2 2001 
100 1 |a Solík, Martin  |4 aut  |9 265707 
245 1 0 |a Strategies of Conflict Resolution  |h elektronický zdroj  |b media relations I  |c Martin Solík 
246 3 0 |a Media Relations I 
260 |a [Trnava]  |b Fakulta masmediálnej komunikácie  |c [2012] 
300 |a 1 elektronický optický disk (CD-ROM)  |b fareb.  |c 12 cm 
500 |a Názov z disku 
516 |a Textový dokument (učebnica), súbory vo formáte ppt 
536 |a Media relations - projekt FMK UCM v Trnave spolufinancovaný zo zdrojov EÚ 
538 |a Technické požiadavky: prezentačný softvér 
650 0 7 |a konflikty  |2 SNKPH  |9 4470 
650 0 7 |a interpersonálne konflikty  |2 SNKPH  |9 4475 
650 0 7 |a manažment konfliktov  |2 SNKPH  |9 26515 
650 0 7 |a Conflict management  |2 SNKPHeng  |9 323861 
650 0 7 |a Interpersonal conflicts  |2 SNKPHeng  |9 330623 
650 0 7 |a Conflicts  |2 SNKPHeng  |9 321851 
655 7 |a elektronické zdroje  |2 SNKPH  |9 90954 
655 7 |a CD-ROM  |2 SNKPH  |9 70236 
655 7 |a učebnice vysokých škôl  |2 SNKPH  |9 70191 
655 7 |a Electronic resources  |2 SNKPHeng  |9 175546 
655 7 |a Textbooks (higher)  |2 SNKPHeng  |9 276436 
710 2 |a Univerzita sv. Cyrila a Metoda v Trnave.  |b Fakulta masmediálnej komunikácie  |4 pbl  |9 53921 
919 |a 978-80-8105-309-2 
999 |c 768620  |d 770550 
952 |a SNK  |b SNK  |y PREZ  |7 0  |p 17A1068771  |o snkSCDM 5701  |i snk2013/10663  |8 0  |0 0  |1 0  |4 0  |d 2013-05-13  |l 0  |r 2026-02-24 00:26:54  |w 2026-02-24